000 00850nam a2200265 4500
003 OSt
005 20240618005853.0
006 a
008 240618b |||||||| |||| 00| 0 eng d
020 _a978814287821
040 _aDWCL-Main lib.
_cOC
082 _aCirc. 658.0095 B626h 2010
100 _aBjorkstein, Johan
245 _aHow to manage a successful business in China /
260 _aNew Jersey :
_bWorld Scientific Pub.,
_cc2010.
300 _axii,
_b222 p. : ill. ;
_c24 cm.
650 _a1. Business etiquette–China.
650 _a2. Business enterprises, Foreign–China.
650 _a3. Corporate culture–China. x
650 _a3. Corporate culture–China.
650 _a4. Success in business–China.
650 _a5. Investments, Foreign–China.
700 _aJohan Bjorkstein
942 _2ddc
_n0
_cBK-CIRC
_kCirc.
999 _c773
_d773